| 000 | 00455nam a2200181 a 4500 | ||
|---|---|---|---|
| 001 | 5228 | ||
| 003 | CO-ViMGA | ||
| 008 | 141112s2004 ck r 000 u spa d | ||
| 040 |
_aCO-ViMGA _bspa _cCO-ViMGA |
||
| 082 | 0 | 4 | _a891.85 W158 |
| 100 | 1 |
_aWaluszek, Christian _93547 |
|
| 245 | 1 | 0 | _aEl tren diabólico |
| 260 |
_aBarcelona : _bEl arca, _c1996 |
||
| 300 | _a249 p | ||
| 490 | _aEl arca abierta, 11 | ||
| 650 | 1 | 4 |
_aNOVELA POLACA _96314 |
| 942 |
_2ddc _cBK |
||
| 999 |
_c17227 _d17227 |
||